[Event "FRA-chT2 0910"]
[Site "France"]
[Date "2009.12.13"]
[Round "6.7"]
[White "Neuhauser, Salome"]
[Black "Fuhr, Maurice"]
[Result "1-0"]
[WhiteElo "2025"]
[BlackElo "1882"]
[PlyCount "57"]
[EventDate "2009.09.27"]
[EventType "team-tourn"]
[EventRounds "11"]
[EventCountry "FRA"]
[SourceTitle "EXT 2011"]
[Source "ChessBase"]
[SourceDate "2010.11.26"]
[SourceVersion "1"]
[SourceVersionDate "2010.11.26"]
[SourceQuality "1"]

1. e4 e5 2. Nf3 Nc6 3. Bc4 Bc5 4. c3 Nf6 5. d4 exd4 6. e5 Ne4 7. cxd4 Bb4+ 8. Bd2 Nxd2 9. Nbxd2 d6 10. 0-0 0-0 11. a3 Bxd2 12. Qxd2 dxe5 13. d5 e4 14. Ng5 Ne5 15. Ba2 Re8 16. Nxe4 Qh4 17. Rfe1 Bf5 18. Ng3 Bg6 19. Qc3 Nd3 20. Rxe8+ Rxe8 21. Rd1 Nf4 22. Qxc7 Qg4 23. Rf1 h5 24. d6 Qg5 25. d7 Rf8 26. Re1 h4 27. Re8 hxg3 28. Rxf8+ Kh7 29. Rh8+ 1-0